000 00294nam a2200121Ia 4500
008 190216s9999||||xx |||||||||||||| ||und||
100 _aSaidharan A & Valsalakumar N
245 0 _aAtext Book Of Botony
260 _bVidyarthimithram
_c1989
300 _a152p
650 _aBotany
942 _cBK
999 _c1438
_d1438